Asamiya giti sahitya (Record no. 3657)

MARC details
000 -LEADER
fixed length control field 00466cam a2200193ua 4500
001 - CONTROL NUMBER
control field 3835
005 - DATE AND TIME OF LATEST TRANSACTION
control field 20260515113734.0
008 - FIXED-LENGTH DATA ELEMENTS--GENERAL INFORMATION
fixed length control field 111222n ii |||gr||||Z||||||asm
040 ## - CATALOGING SOURCE
Transcribing agency MAIN
082 ## - DEWEY DECIMAL CLASSIFICATION NUMBER
Classification number 780
100 ## - MAIN ENTRY--PERSONAL NAME
Personal name Neog, Maheswar,
Relator term Author.
245 11 - TITLE STATEMENT
Title Asamiya giti sahitya
Statement of responsibility, etc. by Maheswar Neog
250 ## - EDITION STATEMENT
Edition statement 3rd.
260 ## - PUBLICATION, DISTRIBUTION, ETC.
Place of publication, distribution, etc. Tihu:
Name of publisher, distributor, etc. Chandra Prakash,987.
300 ## - PHYSICAL DESCRIPTION
Extent 96p:
Dimensions 23cm.
653 ## - INDEX TERM--UNCONTROLLED
Uncontrolled term Assamese song
653 ## - INDEX TERM--UNCONTROLLED
Uncontrolled term Asamiya giti sahitya
942 ## - ADDED ENTRY ELEMENTS (KOHA)
Koha item type Books
Holdings
Withdrawn status Lost status Damaged status Not for loan Home library Current library Shelving location Date acquired Total checkouts Full call number Barcode Date last seen Copy number Price effective from Koha item type Date last checked out
        Naharkatiya College Library Naharkatiya College Library General stacks 09/19/2020   780 | NEO 8368 09/19/2020 1 09/19/2020 Books  
        Naharkatiya College Library Naharkatiya College Library General stacks 09/19/2020 1 NEO 8369 04/29/2025 2 09/19/2020 Books 04/19/2025